Normal view
MARC view
- قاعدة بيانلت - اعراب حمل اللغة العربية - تقرير
Entry Topical Term
001 - CONTROL NUMBER
- control field: 58318
003 - CONTROL NUMBER IDENTIFIER
- control field: JO-AjAnu
005 - DATE AND TIME OF LATEST TRANSACTION
- control field: 20230606083538.0
008 - FIXED-LENGTH DATA ELEMENTS
- fixed length control field: 230606|| aca||aabn | a|a d
040 ## - CATALOGING SOURCE
- Original cataloging agency: JO-AjAnu
- Transcribing agency: JO-AjAnu
150 ## - HEADING--TOPICAL TERM
- Topical term or geographic name entry element: قاعدة بيانلت - اعراب حمل اللغة العربية - تقرير
670 ## - SOURCE DATA FOUND
- Source citation: Work cat.: (JO-AjAnu)29750: اعداد محمود احمد سليمان طبنجة، وفاء محمود ابراهيم الصمادي؛ اشراف غازي الشقاح, author 58317, قاعدة بيانات جزئية في اعراب جمل اللغة العربية